Rick Riordan Universe Name Quiz - Statistics

General Stats
  • This quiz has been taken 83 times
  • The average score is 30 of 39
Answer Stats
Answer Hint % Correct
Percy Jackson
100%
Annabeth Chase
99%
Nico Di Angelo
97%
Bianca Di Angelo
96%
Grover Underwood
95%
Luke Castellan
95%
Piper McLean
95%
Sally Jackson
95%
Frank Zhang
93%
Jason Grace
93%
Leo Valdes
93%
Thalia Grace
93%
Hazel Levesque
92%
Rachel Elizabeth Dare
92%
Will Solace
92%
Reyna Ramírez-Arellano
88%
Clarisse La Rue
86%
Zoë Nightshade
86%
Charles Beckendorf
82%
Carter Kane
81%
Ethan Nakamura
81%
Travis Stoll
81%
Connor Stoll
79%
Sadie Kane
79%
Magnus Chase
77%
Lester Papadopoulos
74%
Alex Fierro
71%
Meg McCaffery
70%
Coach Gleeson Hedge
68%
Thomas Jefferson Jr.
59%
Selena Beauregard
58%
Samirah Al abbas
53%
Halfborn Gunderson
49%
Jack Sumarbrander
49%
Mallory Keen
48%
Zia Rashed
44%
Hearthstone Son of Alderman
40%
Walt Stone
36%
Blitzen Son of Billi
33%
No matching quizzes found
Score Distribution
Percent of People with Each Score
Percentile by Number Answered
Your Score History
You have not taken this quiz